Normal view
MARC view
- Induction heating
Entry Topical Term
001 - CONTROL NUMBER
- control field: 41251
003 - CONTROL NUMBER IDENTIFIER
- control field: NUST
005 - DATE AND TIME OF LATEST TRANSACTION
- control field: 20210314132016.0
008 - FIXED-LENGTH DATA ELEMENTS
- fixed length control field: 210314|| aca||aabn | a|a d
040 ## - CATALOGING SOURCE
- Original cataloging agency: NUST
- Transcribing agency: NUST
150 ## - HEADING--TOPICAL TERM
- Topical term or geographic name entry element: Induction heating
670 ## - SOURCE DATA FOUND
- Source citation: Work cat.: (NUST): May, Edward. 41250, Industrial high frequency electric power., 1949.
